| 000 | 01603nac a22003851i 4500 | ||
|---|---|---|---|
| 003 | EG-ScBUE | ||
| 005 | 20240416102300.0 | ||
| 008 | 240416s2000 e a f b 001 0 eng d | ||
| 020 | _a9780340731390 | ||
| 020 | _a0340731397 (pbk.) | ||
| 035 | _a(OCoLC)ocm43378497 | ||
| 040 |
_aEG-ScBUE _beng _erda _cEG-ScBUE _dEG-ScBUE |
||
| 082 | 0 | 4 |
_a942.052092 _bGUY _222 |
| 100 | 1 |
_aGuy, J. A., _eauthor. |
|
| 245 | 1 | 0 |
_aThomas More / _cJohn Guy, professor of modern history, University of St Andrews. |
| 264 | 1 |
_aLondon : _bArnold ; _aNew York : _bOxford University Press, _c2000. |
|
| 300 |
_axviii, 251 pages : _billustrations ; _c23 cm. |
||
| 336 |
_2rdacontent _atext _btxt |
||
| 337 |
_aunmediated _2rdamedia _bn |
||
| 338 |
_avolume _bnc _2rdacarrier |
||
| 490 | 0 | _aReputations | |
| 504 | _aIncludes bibliographical references and index. | ||
| 600 | 1 | 7 |
_aMore, Thomas, _d1478-1535. _2BUEsh |
| 600 | 1 | 7 |
_aHenry _d1491-1547 _xRelations with humanists. _2BUEsh |
| 650 | 7 |
_aChristian martyrs _zEngland _vBiography. _2BUEsh |
|
| 650 | 7 |
_aStatesmen _zGreat Britain _vBiography. _2BUEsh |
|
| 650 | 7 |
_aHumanists _zEngland _vBiography. _2BUEsh |
|
| 651 | 7 |
_aGreat Britain _xHistory _yHenry VIII, 1509-1547 _2BUEsh |
|
| 651 | 7 |
_aGreat Britain _xPolitics and government _y1509-1547. _2BUEsh |
|
| 651 | 7 |
_aEngland _xIntellectual life _y16th century. _2BUEsh |
|
| 655 | _vReading book | ||
| 856 | 4 | 2 |
_3Publisher description _uhttp://www.loc.gov/catdir/enhancements/fy0611/00711136-d.html |
| 856 | 4 | 2 |
_3Table of contents only _uhttp://www.loc.gov/catdir/enhancements/fy0635/00711136-t.html |
| 942 |
_cBB _2ddc |
||
| 999 |
_c5367 _d5367 |
||